000 00471pab a2200181 454500
008 180718b2008 xxu||||| |||| 00| 0 eng d
100 _aDey, Sunanda
245 _aRestorative justice in India: prospects and constraints
260 _c2008
300 _ap.21-32.
362 _aJan-Apr
650 _aJustice - India
650 _aJustice
700 _aChattoraj, B.N.
773 _aIndian Journal of Criminology and Criminalistics
908 _aN
909 _a80348
999 _c80348
_d80348